000 01202cam a2200277Ia 4500
001 bornwithcentury00kins
003 CaSfIA
005 20210117221438.0
007 cr||||
008 860617s1979 nyu 000 1 eng d
040 _aCLE
_cCLE
_dIUP
_dOCLCQ
_dJBO
_dCaSfIA
019 _a5388128
035 _a(OCoLC)13737275
_z(OCoLC)5388128
050 1 4 _aPS3561.I58
_bB67 1979b
082 0 4 _a813/.5/4
_219
100 1 _aKinsolving, William.
245 1 0 _aBorn with the century /
_h[electronic resource]
_cby William Kinsolving.
250 _a[Book Club ed.].
260 _aNew York :
_bPutnam,
_cc1979.
300 _a478 p. ;
_c22 cm.
856 4 1 _uhttp://www.archive.org/details/bornwithcentury00kins
_zFree eBook from the Internet Archive
856 4 2 _uhttp://www.openlibrary.org/books/OL24202131M
_zAdditional information and access via Open Library
942 _cEB
506 _fНеобхідна авторизація на https://archive.org/ (створення облікового запису безкоштовно)
506 _fНеобхідна авторизація на https://openlibrary.org/ (створення облікового запису безкоштовно)
999 _c476028
_d476028